000 00610nam a2200253Ia 4500
003 OSt
005 20220912152624.0
006 a|||||r|||| 00| 0
007 ta
008 220909b |||||||| |||| 00| 0 eng d
024 _a39145
037 _cTextual
040 _aCSL
_beng
_cCSL
041 _aeng
082 _aB6:25, L0
100 _aHartshorne R
245 0 _aAmple subvarieties of algebric varieties
260 _c1970
300 _ap.
_ccm.
650 _a Algebraic geometry
650 _aMathematics
942 _hB6:25, L0
_cTEXL
_2CC
999 _c89640
_d89640